| 000 | 01343nam a2200337 i 4500 | ||
|---|---|---|---|
| 001 | 768714001 | ||
| 003 | CO-MdFUSB | ||
| 005 | 20210224155658.0 | ||
| 007 | ta | ||
| 008 | 200623t1977 ck |||| |||| 00| 0 spa d | ||
| 020 | _a9586311228 | ||
| 040 |
_aCO-MdFUSB _bspa _cCO-MdFUSB _dCO-MdFUSBC _erda |
||
| 041 | _aspa | ||
| 082 |
_223 _a189 _bB453 |
||
| 100 |
_aBeltrán Peña, Francisco, _eautor |
||
| 245 |
_aFilosofía medieval y del renacimiento _c/ Francisco Beltrán Peña; Juan José Sanz Adrados |
||
| 264 | 1 |
_aBogotá, Colombia : _bUniversidad Santo Tomás de Aquino, _c[1977] |
|
| 264 | 4 | _c© 1977 | |
| 300 |
_a425 pàginas ; _bilustraciones _c; 22 cm |
||
| 336 |
_2rdacontent _atexto _btxt |
||
| 337 |
_2rdamedia _asin mediación _bn |
||
| 338 |
_2rdacarrier _avolumen _bnc |
||
| 490 | _aFilosofía a distancia. | ||
| 504 | _aIncluye referencias bibliográficas | ||
| 505 | _aLa Patrística. -- San Agustín. -- Transición de la patrística a la escolástica. -- La primera Escolástica. -- Filosofía Arábigo-Judía. -- La alta escolástica. -- El agustiniano franciscano. -- Santo Tomás de Aquino. -- La Escolástica tardía. -- La filosofía en el renacimiento. | ||
| 563 | _aRústico | ||
| 650 | 7 |
_9193 _aFilosofía medieval |
|
| 700 |
_94357 _aSanz Adrados, Juan José _eautor |
||
| 942 | _cBK | ||
| 945 | _aJTF-925 | ||
| 999 |
_c66241 _d66241 |
||